000 00210 a2200097 4500
001 7703
100 _aYoung,L
245 _aAdvances in control Microwave
260 _a
_bAcademic Press
_c
090 _c6164
_d6164
942 _aNUST-CAE
_cM
_c32672
999 _c242776
_d242776